| 000 | 00561nam a2200217Ia 4500 | ||
|---|---|---|---|
| 001 | 12469 | ||
| 003 | GE_BSU | ||
| 008 | 181216s||||||||xx |||||||||||||| ||und|| | ||
| 040 | _cGE_BSU | ||
| 080 | _a631(075.32)+631.8(075.32) | ||
| 100 | _aЖежель,Н.Г. | ||
| 245 | _aАгрохимия | ||
| 245 | _bУч-к для сельхоз техник-в | ||
| 245 | _cРед.Г.А.Пенькова | ||
| 260 | _aЛенинград | ||
| 260 | _bКолос | ||
| 260 | _c1955 | ||
| 300 | _a262стр.22см. | ||
| 653 | _aАгрохимия | ||
| 942 | _cBK | ||
| 999 |
_c45643 _d45643 |
||